000 00426nam a2200157 i 4500
001 62207
003 ES-MaACL
005 20230906164627.0
007 t|
008 031118s1969 sp ||||1| spa d
100 1 _aGarcía, Fermín María.
_954020
245 1 4 _aLas Bienaventuranzas del agua /
_cFermín María.
260 _aMurcia :
_bEspigas,
_c1969.
300 _a58 p. ;
_c22 cm.
852 _aES-MaACL
_jC-47933
_bR.71449
999 _c62207
_d62207